Can't you sleep, Little Bear? / (Record no. 4188)

MARC details
000 -LEADER
fixed length control field 01112cam a2200349 a 4500
001 - CONTROL NUMBER
control field 4188
003 - CONTROL NUMBER IDENTIFIER
control field FISKH
005 - DATE AND TIME OF LATEST TRANSACTION
control field 20240626102832.0
008 - FIXED-LENGTH DATA ELEMENTS--GENERAL INFORMATION
fixed length control field 910402s1992 maua j 000 1 eng
010 ## - LIBRARY OF CONGRESS CONTROL NUMBER
LC control number 91071858
020 ## - INTERNATIONAL STANDARD BOOK NUMBER
International Standard Book Number 156402007X
020 ## - INTERNATIONAL STANDARD BOOK NUMBER
International Standard Book Number 9781844280568
040 ## - CATALOGING SOURCE
Original cataloging agency DLC
Transcribing agency DLC
Modifying agency DLC
Language of cataloging eng
050 00 - LIBRARY OF CONGRESS CALL NUMBER
Classification number PZ7.W1137
082 ## - DEWEY DECIMAL CLASSIFICATION NUMBER
Classification number 823.914
100 1# - MAIN ENTRY--PERSONAL NAME
Personal name Waddell, Martin.
245 10 - TITLE STATEMENT
Title Can't you sleep, Little Bear? /
Statement of responsibility, etc. Martin Waddell ; illustrated by Barbara Firth.
250 ## - EDITION STATEMENT
Edition statement This edition published 2005
260 ## - PUBLICATION, DISTRIBUTION, ETC.
Place of publication, distribution, etc. London :
Name of publisher, distributor, etc. Walker Books,
Date of publication, distribution, etc. 1988
300 ## - PHYSICAL DESCRIPTION
Extent 29 unnumbered pages :
Other physical details color illustrations ;
Dimensions 27 cm
505 ## - FORMATTED CONTENTS NOTE
Formatted contents note J<br/>
520 ## - SUMMARY, ETC.
Summary, etc. When bedtime comes Little Bear is afraid of the dark, until Big Bear brings him lights and love.
521 8# - TARGET AUDIENCE NOTE
Target audience note 450<br/>
Source Lexile AD <br/>
521 8# - TARGET AUDIENCE NOTE
Target audience note J<br/>
Source Raz-Plus <br/>
650 #1 - SUBJECT ADDED ENTRY--TOPICAL TERM
Topical term or geographic name entry element Bears
Form subdivision Fiction.
650 #1 - SUBJECT ADDED ENTRY--TOPICAL TERM
Topical term or geographic name entry element Fear of the dark
Form subdivision Fiction.
650 #1 - SUBJECT ADDED ENTRY--TOPICAL TERM
Topical term or geographic name entry element Bedtime
Form subdivision Fiction.
700 1# - ADDED ENTRY--PERSONAL NAME
Personal name Firth, Barbara,
Dates associated with a name 1928-2013,
Relator term illustrator
906 ## - LOCAL DATA ELEMENT F, LDF (RLIN)
a 7
b cbc
c orignew
d 2
e opcn
f 19
g y-gencatlg
942 ## - ADDED ENTRY ELEMENTS (KOHA)
Source of classification or shelving scheme Dewey Decimal Classification
Koha item type Books
Suppress in OPAC No
Holdings
Withdrawn status Lost status Source of classification or shelving scheme Damaged status Not for loan Collection Home library Current library Shelving location Date acquired Total Checkouts Full call number Barcode Date last seen Date last checked out Price effective from Koha item type
    Dewey Decimal Classification     Juvenile Fiction Footprints International School Library Network Toul Kork Campus Footprints International School Library Network Toul Kork Campus TK Primary Library Room(4th Floor), Bookcase 1&2, Shelves 1-16, Dark Blue Books 06/26/2024 2 WAD 823.914 PZ7.W1137 FISBT00079 06/06/2025 04/08/2025 06/26/2024 Books